Score 0/25 Timer 07:00
1 Play Today
% Correct
Spider-Man 3
97.6%
Juno
82.8%
The Twilight Saga: Breaking Dawn - Part 2
82.3%
Back to the Future
79%
Furious 6
78.7%
Sex and the City: The Movie
78.1%
Bridget Jones's Diary
77.1%
Skyfall
75.5%
300
74.9%
Breakfast at Tiffany's
74.8%
Raiders of the Lost Ark
74.4%
The Graduate
68.7%
Guardians of the Galaxy
64.1%
% Correct
The Naked Gun
61.9%
Reservoir Dogs
54.1%
The Girl with the Dragon Tattoo
47.4%
Grown Ups
44.9%
Entourage: The Movie
43.8%
Marley & Me
38.8%
Vertigo
33.3%
Get Smart
31.5%
Eternal Sunshine of the Spotless Mind
29.9%
Godzilla
26.3%
Moonrise Kingdom
25.6%
From Russia With Love
21.2%
Remove Ads.
Support Sporcle.
Get the best of Sporcle when you Go Orange. This ad-free experience offers more features, more stats, and more fun while also helping to support Sporcle. Thank you for becoming a member.

You're not logged in!

Compare scores with friends on all Sporcle quizzes.
OR
Log In

Show Comments

Extras

Top Quizzes Today


Score Distribution

Your Account Isn't Verified!

In order to create a playlist on Sporcle, you need to verify the email address you used during registration. Go to your Sporcle Settings to finish the process.

Report this User

Report this user for behavior that violates our Community Guidelines.

Details: